All Pokémon in the Dragon egg group - Statistics

General Stats
  • This quiz has been taken 19 times
  • The average score is 64 of 72
Answer Stats
Generation Pokémon % Correct
III Altaria
100%
IX Arctibax
100%
V Axew
100%
III Bagon
100%
IX Baxcalibur
100%
I Charizard
100%
I Charmander
100%
I Charmeleon
100%
V Deino
100%
I Dragonair
100%
I Dragonite
100%
VII Drampa
100%
I Dratini
100%
V Druddigon
100%
V Fraxure
100%
IX Frigibax
100%
IV Gabite
100%
IV Garchomp
100%
IV Gible
100%
VI Goodra
100%
VI Goomy
100%
VII Hakamo-o
100%
V Haxorus
100%
V Hydreigon
100%
VII Jangmo-o
100%
VII Kommo-o
100%
VI Noibat
100%
VI Noivern
100%
III Salamence
100%
III Shelgon
100%
VI Sliggoo
100%
III Swablu
100%
VI Tyrantrum
100%
VI Tyrunt
100%
V Zweilous
100%
I Arbok
89%
VI Dragalge
89%
VIII Dragapult
89%
VIII Drakloak
89%
VIII Dreepy
89%
I Ekans
89%
III Flygon
89%
III Grovyle
89%
I Gyarados
89%
I Horsea
89%
II Kingdra
89%
I Magikarp
89%
III Sceptile
89%
I Seadra
89%
VI Skrelp
89%
III Trapinch
89%
III Treecko
89%
III Vibrava
89%
VIII Appletun
78%
VIII Applin
78%
IX Archaludon
78%
IX Dipplin
78%
VIII Duraludon
78%
VIII Flapple
78%
IX Hydrapple
78%
VII Turtonator
78%
VI Heliolisk
67%
VI Helioptile
67%
VII Salandit
67%
VII Salazzle
67%
VIII Sandaconda
67%
VIII Silicobra
67%
III Feebas
56%
III Milotic
56%
V Scrafty
56%
V Scraggy
56%
III Seviper
56%
No matching quizzes found
Score Distribution
Percent of People with Each Score
Percentile by Number Answered
Your Score History
You have not taken this quiz